000 00661nam a2200205 i 4500
001 133071
003 ES-MaACL
005 20250812051529.0
007 t|
008 070214s1963 sp r ||||1| spa d
100 1 _aRubert de Ventós, Xavier,
_d1939-
_9100297
245 1 3 _aEl arte ensimismado /
_cXavier Rubert de Ventós ; prólogo de José Mª Valverde.
260 _aBarcelona :
_bAriel,
_c1963.
300 _a121 p., 6 lám. ;
_c23 cm.
650 7 _aArte-
_yS.XX
_2
_9141916
650 4 _aEstética-
_yS.XX.
_912540
700 1 _aValverde, José María,
_d1926-1996
_9113013
852 _aES-MaACL
_jC-24046
_bR.52506
999 _c133071
_d133071